| 000 | 00745cam a22002291 4500 | ||
|---|---|---|---|
| 001 | ne 64001077 | ||
| 003 | DLC | ||
| 005 | 20260227111759.0 | ||
| 008 | 900913s1962 ua a 000 0 arar | ||
| 010 | _ane 64001077 | ||
| 025 | _aPL480:UAR-1615 | ||
| 035 | _a(OCoLC)22367814 | ||
| 040 |
_aDLC _cWaU _dWaU _dDLC |
||
| 042 | _apremarc | ||
| 050 | 0 | 0 |
_aQR56 _b.S25 |
| 100 | 1 | _aṢāliḥ, ʻAbd al-Muḥsin. | |
| 245 | 1 | 3 |
_aal-Mīkrūbāt wa-al-ḥayāh _c[taʼlīf] ʻAbd al-Muḥsin Ṣāliḥ. |
| 260 |
_a[al-Qāhirah] _bal-Muʼassasah al-Miṣrīyah al-ʻĀmmah lil-Taʼlīf wa-al-Tarjamah wa-al-Ṭibāʻah wa-al-Nashr, _c1962. |
||
| 300 |
_a127 p. _billus. _c17 cm. |
||
| 440 | 0 |
_aMaktabah al-thaqāfīyah, _v62 |
|
| 650 | 0 | _aMicrobiology. | |
| 999 |
_c46959 _d46959 |
||